[Event "Mechanics' Bedjanian TNM; G/2 d/5"]
[Site "San Francisco"]
[Date "2018.10.23"]
[Round "1.37"]
[White "Cohee, James"]
[Black "Ansari, Jahaan"]
[Result "0-1"]
[WhiteElo "1625"]
[BlackElo "882"]
[PlyCount "58"]
[EventDate "2018.??.??"]
[Source "ChessBase"]
[SourceDate "2007.09.04"]

1. Nf3 e6 2. c4 d5 3. g3 Nf6 4. Bg2 c5 5. O-O Nc6 6. b3 Be7 7. Bb2 O-O 8. d3
Bd7 9. Nbd2 Bd6 10. cxd5 exd5 11. d4 b6 12. Rc1 Rc8 13. Re1 Be6 14. Nb1 h6 15.
Nc3 Re8 16. Nb5 Bf8 17. Nc3 Ne4 18. e3 Bg4 19. h3 Bf5 20. a3 Qd7 21. h4 Bg4 22.
Qd3 Qf5 23. Qd1 cxd4 24. exd4 Nxc3 25. Rxc3 Rxe1+ 26. Qxe1 Bxf3 27. Rxf3 Qc2
28. Bh3 Rc7 29. Qc3 Ne5 0-1

[Event "Mechanics' Vartan Bedjanian TNM; G/2 d/"]
[Site "San Francisco"]
[Date "2018.11.07"]
[Round "3.28"]
[White "Cohee, James"]
[Black "Bentz, Brad"]
[Result "1-0"]
[WhiteElo "1625"]
[BlackElo "1312"]
[Annotator "Winslow,Elliott"]
[PlyCount "87"]
[EventDate "2018.??.??"]
[Source "ChessBase"]
[SourceDate "2007.09.04"]

1. e4 c5 2. Nf3 d6 3. Bb5+ Nd7 4. c4 g6 5. Nc3 Bg7 6. O-O Ngf6 7. d3 O-O 8. Qe2
Qc7 9. h3 Nb6 10. Nd5 Nfxd5 11. cxd5 a6 12. Bc4 Nxc4 13. dxc4 b5 14. Rb1 bxc4
15. Qxc4 a5 16. Re1 a4 17. Bd2 Ba6 18. Qc2 Rfb8 19. Bc3 e5 20. Nd2 Bc8 21. Nc4
f5 22. f3 f4 23. b3 Rb4 $4 {(Rooks are worth more than bishops.)} (23... Bd7)
24. Bxb4 cxb4 25. Rec1 g5 26. Qd2 Qc5+ 27. Qf2 Rb8 {[#]} 28. Nb6 {Snazzy!} (28.
bxa4 {Simple.}) 28... Qxf2+ 29. Kxf2 Bb7 30. Nxa4 Bf6 31. Rc7 Bd8 32. Rd7 Ba6
33. Rc1 Bb5 34. Rxd6 Kg7 35. Ke1 Ra8 36. Nc5 Be7 37. Rb6 Be8 38. Ne6+ Kf7 39.
Rc7 Rxa2 40. Nxg5+ Kf8 41. Nxh7+ Kf7 42. Ng5+ Kf8 43. Ne6+ Kf7 44. Rbb7 1-0

[Event "Mechanics' Shipman TNM; G/2 d/5"]
[Site "San Francisco"]
[Date "2018.09.18"]
[Round "7.38"]
[White "Cohee, James"]
[Black "Chambers, Don"]
[Result "1-0"]
[WhiteElo "1633"]
[BlackElo "1031"]
[PlyCount "81"]
[EventDate "2018.??.??"]
[Source "ChessBase"]
[SourceDate "2007.09.04"]

1. e4 e5 2. Nf3 Nc6 3. Bb5 Nf6 4. O-O Bc5 5. c3 a6 6. Ba4 b5 7. Bc2 h6 8. h3 d6
9. d4 Bb6 10. dxe5 dxe5 11. Qxd8+ Nxd8 12. Nxe5 O-O 13. Re1 Re8 14. Nf3 Nh5 15.
Be3 c5 16. Nbd2 Bb7 17. Rad1 Ne6 18. Ne5 Bc7 19. Nd7 Rad8 20. Nxc5 Nxc5 21.
Bxc5 Nf4 22. Bd4 Re6 23. Nf1 Rg6 24. Ne3 Nxh3+ 25. Kf1 Ng5 26. e5 Ne4 27. f3
Ng3+ 28. Kf2 Rg5 29. f4 Ne4+ 30. Bxe4 Bxe4 31. fxg5 h5 32. Nf1 Bc6 33. Ng3 f6
34. Nf5 Kf7 35. exf6 gxf6 36. Re7+ Kg6 37. Rxc7 Ba8 38. Ng3 fxg5 39. Re1 Rf8+
40. Kg1 h4 41. Re6+ 1-0

[Event "Mechanics' Summer TNM; G/2 d5"]
[Site "San Francisco"]
[Date "2018.06.05"]
[Round "2.20"]
[White "Cohee, James"]
[Black "Gray, William"]
[Result "1/2-1/2"]
[WhiteElo "1613"]
[BlackElo "1989"]
[Annotator "Winslow,E"]
[PlyCount "120"]
[EventDate "2018.??.??"]
[Source "ChessBase"]
[SourceDate "2007.09.04"]

1. e4 c5 2. Nf3 d6 3. Bb5+ Nd7 4. c3 Ngf6 5. d3 g6 6. O-O Bg7 7. Bg5 Qb6 8. Qb3
O-O 9. Bc4 Qc7 10. Qc2 b6 11. Nbd2 Bb7 12. Rae1 Rac8 13. Bb3 h6 14. Bf4 e5 15.
Be3 d5 16. exd5 Bxd5 17. Qc1 Qb7 18. Bxd5 Qxd5 19. Ne4 Ng4 20. Rd1 f5 21. c4
Qc6 22. Nc3 Rce8 23. h3 Nxe3 24. fxe3 Nf6 25. d4 exd4 26. exd4 cxd4 27. Rxd4
Ne4 28. Rd3 Qxc4 29. Qd1 Qc5+ 30. Kh2 Qc7+ 31. Kg1 Nc5 32. Rd6 Rd8 33. Qd5+ Kh7
34. Rd1 Rxd6 35. Qxd6 Qxd6 36. Rxd6 Rf7 37. Nd4 Rd7 38. Rxd7 Nxd7 39. Nc6 a6
40. Nb4 Nc5 41. Nbd5 b5 42. b3 Bxc3 43. Nxc3 Kg7 44. Kf2 Kf6 45. Ke3 Ke5 46.
Nb1 Ne4 47. Na3 g5 (47... Nc3) 48. Nc2 h5 (48... Nc3) (48... f4+) 49. Nb4 f4+
50. Ke2 Nc5 51. Kf3 Kf5 52. Nd5 Ne6 53. Nb4 Nd4+ 54. Kf2 a5 55. Nd3 g4 56.
hxg4+ hxg4 57. Nc5 g3+ 58. Kf1 Nc2 59. a4 bxa4 60. bxa4 Ne3+ $19 {
(There might have been more moves...)} 1/2-1/2

[Event "Mechanics' Summer TNM; G/2 d/5"]
[Site "San Francisco"]
[Date "2018.06.26"]
[Round "5.34"]
[White "Cohee, James"]
[Black "Reed, Nicholas Xav"]
[Result "1/2-1/2"]
[WhiteElo "1613"]
[BlackElo "1191"]
[Annotator "Donaldson"]
[PlyCount "53"]
[EventDate "2018.??.??"]
[Source "ChessBase"]
[SourceDate "2007.09.04"]

1. e4 e6 2. d4 d5 3. Nd2 Nf6 4. e5 Nfd7 5. Bd3 c5 6. c3 c4 7. Bc2 b5 8. f4 Be7
9. Nh3 f6 10. Qh5+ Kf8 11. O-O Qe8 12. Qg4 f5 13. Qe2 Nb6 14. Nf3 h6 15. Qf2
Qh5 16. Bd1 Kg8 17. Kh1 Nc6 18. Nfg1 Qf7 19. g4 b4 20. Bd2 a5 21. Qg2 Qg6 22.
Nf2 a4 23. cxb4 Nxd4 {Diagram [#]} 24. a3 (24. Be3 $1) 24... Ba6 $2 25. Be3 Nb3
26. Bxb3 cxb3 27. Rfc1 $2 (27. Bxb6 Bxf1 28. Rxf1 $18) 1/2-1/2

[Event "Mechanics' Summer TNM; G/2 d/5"]
[Site "San Francisco"]
[Date "2018.06.17"]
[Round "8.18"]
[White "Cohee, James"]
[Black "Robertson, Terrance"]
[Result "1-0"]
[WhiteElo "1613"]
[BlackElo "1439"]
[Annotator "Winslow,Elliott"]
[PlyCount "99"]
[EventDate "2018.??.??"]
[Source "ChessBase"]
[SourceDate "2007.09.04"]

1. e4 e5 2. Nf3 Nc6 3. Nc3 Nf6 4. g3 d5 5. exd5 Nxd5 6. Bg2 Nxc3 7. bxc3 Bd6 8.
d3 Bg4 9. Be3 Qd7 10. O-O Bh3 11. Rb1 Bxg2 12. Kxg2 b6 13. Re1 $6 (13. d4 $11)
13... O-O $15 14. Nd2 f5 15. f3 f4 $6 16. Bf2 Ne7 17. g4 (17. d4) 17... g5 $2
18. Ne4 Ng6 19. Qe2 (19. Nxg5 $1) 19... h6 20. Nxd6 $2 Qxd6 (20... cxd6 $11)
21. Qe4 $14 c5 $6 22. Qc4+ $6 (22. a4) (22. c4) (22. Rh1) 22... Kh7 {[#]} (
22... Kg7) 23. Rh1 $2 (23. Qe4 $1) 23... Qc6 $6 (23... e4 $3 24. Qxe4 (24. dxe4
) (24. fxe4 $2 Ne5 25. Qd5 Qc7 $1 26. h3 Rad8 27. Qe6 Rfe8 28. Qf5+ Kg7 {
/\...Rd6-Rf6})) 24. Rbe1 (24. h4 $1 $16) 24... Rae8 25. Re4 b5 26. Qb3 a6 27.
c4 b4 28. Qb2 Re6 29. h4 Nxh4+ $6 (29... gxh4 30. Bxh4 Rfe8) 30. Bxh4 gxh4 31.
Rxh4 Rfe8 32. Rh5 Qd6 (32... a5) 33. Qa1 a5 34. Qd1 Kg6 (34... a4) 35. Qh1 Kg7
36. Rf5 Rf6 37. Rh5 Rg6 $2 38. Qa1 Rf6 $2 39. Rhxe5 Rxe5 40. Qxe5 Qxe5 41. Rxe5
Kf7 42. Rxc5 Re6 43. Kf2 a4 44. Rf5+ Kg6 45. Rxf4 h5 46. gxh5+ Kxh5 47. Rf5+ (
47. c5 Rc6 48. Rc4) 47... Kg6 48. Rb5 b3 49. cxb3 axb3 50. Rxb3 1-0

[Event "Mechanics' Summer TNM; G/2 d/5"]
[Site "San Francisco"]
[Date "2018.07.17"]
[Round "8.23"]
[White "Cohee, James"]
[Black "Robertson, Terrance"]
[Result "1-0"]
[WhiteElo "1613"]
[BlackElo "1439"]
[PlyCount "99"]
[EventDate "2018.??.??"]
[Source "ChessBase"]
[SourceDate "2007.09.04"]

1. e4 e5 2. Nf3 Nf6 3. Nc3 Nc6 4. g3 d5 5. exd5 Nxd5 6. Bg2 Nxc3 7. bxc3 Bd6 8.
d3 Bg4 9. Be3 Qd7 10. O-O Bh3 11. Rb1 Bxg2 12. Kxg2 b6 13. Re1 O-O 14. Nd2 f5
15. f3 f4 16. Bf2 Ne7 17. g4 g5 18. Ne4 Ng6 19. Qe2 h6 20. Nxd6 Qxd6 21. Qe4 c5
22. Qc4+ Kh7 23. Rh1 Qc6 24. Rbe1 Rae8 25. Re4 b5 26. Qb3 a6 27. c4 b4 28. Qb2
Re6 29. h4 Nxh4+ 30. Bxh4 gxh4 31. Rxh4 Rfe8 32. Rh5 Qd6 33. Qa1 a5 34. Qd1 Kg6
35. Qh1 Kg7 36. Rf5 Rf6 37. Rh5 Rg6 38. Qa1 Rf6 39. Rhxe5 Rxe5 40. Qxe5 Qxe5
41. Rxe5 Kf7 42. Rxc5 Re6 43. Kf2 a4 44. Rf5+ Kg6 45. Rxf4 h5 46. gxh5+ Kxh5
47. Rf5+ Kg6 48. Rb5 b3 49. cxb3 axb3 50. Rxb3 1-0

[Event "Mechanics' Summer TNM; G/2 d/5"]
[Site "San Francisco"]
[Date "2018.05.29"]
[Round "1.8"]
[White "Cohee, James"]
[Black "Tracy, Joseph J"]
[Result "1/2-1/2"]
[WhiteElo "1613"]
[BlackElo "2112"]
[Annotator "Donaldson"]
[PlyCount "111"]
[EventDate "2018.??.??"]
[Source "ChessBase"]
[SourceDate "2007.09.04"]

1. e4 e6 2. d4 d5 3. Nd2 Nf6 4. e5 Nfd7 5. Ngf3 c5 6. c3 Nc6 7. Bd3 Qb6 8. O-O
cxd4 9. cxd4 Nxd4 10. Nxd4 Qxd4 11. Nf3 Qb6 12. Qc2 h6 13. Be3 Bc5 14. Rfe1
Bxe3 15. Rxe3 Nc5 16. Be2 Bd7 17. Rc1 Ne4 18. Bd3 O-O 19. Bxe4 dxe4 20. Rxe4
Rfc8 21. Qb1 Rxc1+ 22. Qxc1 Rc8 23. Qd2 Bc6 24. Re3 Rd8 25. Qc2 Rd5 26. h3 Qd8
27. Rc3 Rd1+ 28. Kh2 a5 29. a3 a4 30. Rc4 Qd5 31. Rc3 Qd8 32. Rc4 Rd7 33. Rc3
Qa5 34. Rc5 Qd8 35. Rc4 g6 36. Qc3 Kg7 37. Rd4 Rxd4 38. Qxd4 Qa5 39. Qf4 Kg8
40. Nd4 Bd5 41. Qxh6 Qe1 42. Qe3 Qb1 43. Qc3 Qe4 44. Nf3 Qe2 45. Kg3 Kg7 46.
Qd4 b5 47. Qf4 Bxf3 48. gxf3 Qd1 49. Qf6+ Kg8 50. Kg2 Qd4 51. h4 Qxb2 52. Qd8+
Kh7 53. Qf6 Qxa3 54. Qxf7+ Kh6 55. Qf4+ (55. Qg8 Qe7) (55. Qf6 Kh7 56. Qxe6)
55... Kh7 56. Qf7+ 1/2-1/2

[Event "Mechanics' Bedjanian TNM; G/2 d/5"]
[Site "San Francisco"]
[Date "2018.11.27"]
[Round "6.19"]
[White "Cohee, James"]
[Black "Uribe, Luiz Antoni"]
[Result "0-1"]
[WhiteElo "1625"]
[BlackElo "1829"]
[PlyCount "68"]
[EventDate "2018.??.??"]
[Source "ChessBase"]
[SourceDate "2007.09.04"]

1. e4 c5 2. Nf3 Nc6 3. Bb5 Nd4 4. Bc4 e6 5. Nxd4 cxd4 6. d3 a6 7. a4 g6 8. O-O
Bg7 9. Nd2 Ne7 10. Nf3 d5 11. exd5 exd5 12. Bb3 O-O 13. h3 Qc7 14. Re1 h6 15.
Bd2 Be6 16. Rc1 Nc6 17. Re2 b5 18. axb5 axb5 19. Qe1 Qd6 20. Ra1 Kh7 21. Qc1 g5
22. Rxa8 Rxa8 23. Qe1 g4 24. hxg4 Bxg4 25. Re8 Ne5 26. Rxe5 Bxf3 27. Rf5 Bg4
28. Rxd5 Qg6 29. Qe4 f5 30. Qf4 Ra1+ 31. Bc1 Rxc1+ 32. Qxc1 Bf3 33. Qf1 h5 34.
Kh2 Bxd5 0-1

[Event "Mechanics' Walter Shipman TNM G/2 d/5"]
[Site "San Francisco"]
[Date "2018.10.02"]
[Round "9.32"]
[White "Cole, Tony"]
[Black "Badgett Jr, James"]
[Result "1-0"]
[WhiteElo "1400"]
[BlackElo "1209"]
[PlyCount "31"]
[EventDate "2018.??.??"]
[Source "ChessBase"]
[SourceDate "2007.09.04"]

1. e4 c5 2. Nc3 Nc6 3. Nf3 d6 4. Bb5 a6 5. Bxc6+ bxc6 6. d4 Nf6 7. dxc5 Qa5 8.
cxd6 Nxe4 9. Bd2 Nxd6 10. O-O Nc4 11. b3 Nxd2 12. Qxd2 c5 13. Nd5 Qxd2 14. Nxd2
Ra7 15. Rfe1 e6 16. Nc4 {and White won (scoresheet missing moves and illegible)
} 1-0

[Event "Mechanics' Shipman TNM; G/2 d/5"]
[Site "San Francisco"]
[Date "2018.08.28"]
[Round "4.41"]
[White "Cole, Tony"]
[Black "Bayaraa, Timothy"]
[Result "1-0"]
[WhiteElo "1400"]
[BlackElo "1032"]
[PlyCount "35"]
[EventDate "2018.??.??"]
[Source "ChessBase"]
[SourceDate "2007.09.04"]

1. e4 e5 2. Nf3 Bc5 3. Nc3 Nc6 4. Bc4 Nf6 5. d3 h6 6. Qe2 Nd4 7. Nxd4 exd4 8.
Na4 Bb4+ 9. c3 dxc3 10. Nxc3 Ba5 11. Bd2 O-O 12. O-O-O Rb8 13. e5 Re8 14. d4 d6
15. h3 Bxc3 16. Bxc3 d5 17. Bd3 Nh5 18. Qxh5 1-0

[Event "Mechanics' Bedjanian TNM; G/2 d/5"]
[Site "San Francisco"]
[Date "2018.10.30"]
[Round "2.32"]
[White "Cole, Tony"]
[Black "Casares Jr, Nick"]
[Result "0-1"]
[WhiteElo "1400"]
[BlackElo "1600"]
[PlyCount "49"]
[EventDate "2018.??.??"]
[Source "ChessBase"]
[SourceDate "2007.09.04"]

1. e4 e5 2. Nf3 Nc6 3. Nc3 Nf6 4. Bc4 Nxe4 5. Bxf7+ Kxf7 6. Nxe4 d5 7. Nc3 e4
8. Ng1 Bc5 9. Nge2 Rf8 10. d4 exd3 11. Qxd3 Ne5 12. Qg3 Bxf2+ 13. Kxf2 Ng4+ 14.
Ke1 Kg8 15. Rf1 Qe7 16. Rxf8+ Kxf8 17. Qf3+ Kg8 18. Qxd5+ Kh8 19. Bg5 Nf6 20.
Bxf6 gxf6 21. Rd1 Bg4 22. Rd2 Re8 23. Qd3 Qc5 24. Qd4 Qe7 25. Qxg4 0-1

[Event "Mechanics' Bedjanian TNM; G/2 d/5"]
[Site "San Francisco"]
[Date "2018.12.04"]
[Round "7.22"]
[White "Cole, Tony"]
[Black "Cendejas, Juan Rod"]
[Result "1-0"]
[WhiteElo "1400"]
[BlackElo "1705"]
[Annotator "Winslow,Elliott"]
[PlyCount "73"]
[EventDate "2018.??.??"]
[Source "ChessBase"]
[SourceDate "2007.09.04"]

1. e4 d5 2. exd5 c6 {This gambit must have a name...} 3. Nc3 (3. dxc6) 3... Nf6
4. Nf3 cxd5 5. d4 Nc6 6. Bb5 Bd7 7. Bf4 e6 8. a3 a6 9. Bxc6 Bxc6 10. O-O Bd6
11. Ne5 Qc7 12. b4 Rg8 {Wow!} ({Computer likes} 12... Bb5) 13. Re1 g5 14. Bg3
h5 15. h3 (15. Qf3 $1) 15... g4 {Lets White lock it up} (15... h4) 16. h4 O-O-O
17. Qd2 Ne4 18. Nxe4 dxe4 19. Qh6 Rdf8 20. Qxh5 (20. a4 $1) 20... f6 21. Nxc6
Bxg3 22. fxg3 bxc6 (22... Qxc6) 23. Qc5 (23. Rxe4 $1 Qxg3 24. Rxe6) 23... f5
24. Re3 (24. c4) 24... Rd8 25. c4 Kb7 26. a4 f4 27. Rxe4 fxg3 28. Rxe6 Rd7 29.
Rae1 Rgd8 30. R1e4 Rg7 31. a5 Rdd7 32. R6e5 {Cold feet!} (32. d5) (32. b5)
32... Qd8 33. Re8 Qc7 34. R4e5 Rdf7 35. Re2 Rf4 36. R2e4 Rgf7 37. Rxf4 1-0

[Event "Mechanics' Shipman TNM; G/2 d/5"]
[Site "San Francisco"]
[Date "2018.08.07"]
[Round "1.20"]
[White "Cole, Tony"]
[Black "Jensen, Christian"]
[Result "0-1"]
[WhiteElo "1400"]
[BlackElo "1827"]
[PlyCount "72"]
[EventDate "2018.??.??"]
[Source "ChessBase"]
[SourceDate "2007.09.04"]

1. e4 c5 2. Nc3 Nc6 3. Nf3 g6 4. d4 cxd4 5. Nxd4 Bg7 6. Be3 d6 7. Bb5 Bd7 8.
O-O Nf6 9. Bc4 O-O 10. Bb3 Na5 11. Qd2 Ng4 12. Nce2 Nxe3 13. Qxe3 Qb6 14. c3
Rac8 15. Qg3 Nc4 16. Bxc4 Rxc4 17. b3 Rc5 18. Kh1 Rfc8 19. c4 Ra5 20. Rfd1 Qc5
21. Rd2 b5 22. Rc1 Qb4 23. Rdc2 bxc4 24. Rxc4 Rxc4 25. Rxc4 Qe1+ 26. Ng1 Rxa2
27. f4 Qxe4 28. Ndf3 Qb7 29. Ne1 Be6 30. Ra4 Bxb3 31. Rxa2 Bxa2 32. Qa3 Bd5 33.
Nef3 Bd4 34. Qd3 Bf6 35. Ne1 a5 36. Qa3 Qb4 0-1

[Event "Mechanics' Vartan Bedjanian TNM; G/2 d/"]
[Site "San Francisco"]
[Date "2018.11.07"]
[Round "3.27"]
[White "Cole, Tony"]
[Black "Matz, James I"]
[Result "0-1"]
[WhiteElo "1400"]
[BlackElo "1630"]
[PlyCount "54"]
[EventDate "2018.??.??"]
[Source "ChessBase"]
[SourceDate "2007.09.04"]

1. e4 c5 2. Nc3 Nc6 3. Nf3 d6 4. Bc4 Bg4 $2 5. Bxf7+ Kd7 $6 (5... Kxf7 6. Ng5+
Ke8 7. Qxg4 Nf6 8. Qd1 $16 (8. Qe6 $6 Nd4 9. Qf7+ Kd7 10. Kd1)) 6. Bc4 Nf6 7.
h3 Bh5 8. g4 Bg6 9. d3 a6 10. a3 Qb6 11. g5 Ne8 12. Nh4 Nc7 13. Qg4+ Kd8 14.
Nxg6 hxg6 15. Nd5 Nxd5 16. Bxd5 Nd4 17. Qd1 e6 18. Bc4 Kd7 19. c3 Nc6 20. Qg4
Re8 21. h4 Ne5 22. Qe2 Be7 23. f4 Nc6 24. Be3 Rhf8 25. O-O-O Qc7 26. Qg4 Bd8
27. e5 b5 {White is winning; Black won; scoresheets are unreadable.} 0-1

[Event "Mechanics' Summer TNM; G/2 d/5"]
[Site "San Francisco"]
[Date "2018.06.12"]
[Round "3.42"]
[White "Cole, Tony"]
[Black "Nasiff, Wassim"]
[Result "1-0"]
[WhiteElo "1400"]
[BlackElo "1147"]
[PlyCount "27"]
[EventDate "2018.??.??"]
[Source "ChessBase"]
[SourceDate "2007.09.04"]

1. e4 e5 2. Nf3 Nc6 3. Nc3 Bc5 4. Bc4 a6 5. a3 h6 6. d3 b5 7. Ba2 d6 8. O-O Qf6
9. Nd5 Qd8 10. Be3 Nd4 11. c3 Nxf3+ 12. Qxf3 Ba7 13. Nb4 Bb7 14. Qxf7# 1-0

[Event "Mechanics' Summer TNM; G/2 d/5"]
[Site "San Francisco"]
[Date "2018.05.29"]
[Round "1.25"]
[White "Cole, Tony"]
[Black "Pane, Gianluca"]
[Result "0-1"]
[WhiteElo "1400"]
[BlackElo "1847"]
[PlyCount "40"]
[EventDate "2018.??.??"]
[Source "ChessBase"]
[SourceDate "2007.09.04"]

1. e4 d6 2. Nf3 Nf6 3. Nc3 e5 4. Bc4 Be7 5. Ng5 O-O 6. h4 c6 7. d3 a5 8. a3 d5
9. exd5 cxd5 10. Bb5 Bg4 11. f3 Bd7 12. a4 h6 13. Nh3 d4 14. Ne2 Nd5 15. g3
Bb4+ 16. Bd2 Ne3 17. Qc1 Bxh3 18. Rxh3 Bxd2+ 19. Qxd2 {Diagram [#]} Qc8 $1 20.
c3 (20. Rh1 Nxc2+) 20... Qxh3 0-1

[Event "Mechanics' Shipman TNM; G/2 d/5"]
[Site "San Francisco"]
[Date "2018.09.11"]
[Round "6.41"]
[White "Cole, Tony"]
[Black "Revi, Frank"]
[Result "0-1"]
[WhiteElo "1400"]
[BlackElo "1471"]
[PlyCount "39"]
[EventDate "2018.??.??"]
[Source "ChessBase"]
[SourceDate "2007.09.04"]

1. e4 c5 2. Nc3 Nc6 3. Nf3 d6 4. Bb5 a6 5. Bc4 e6 6. a3 b5 7. Ba2 Nf6 8. d3 Bb7
9. O-O Be7 10. Ne2 Qc7 11. Bf4 Rd8 12. Ng3 O-O 13. Qd2 Bc8 14. h3 e5 15. Bg5
Nd4 16. Nxd4 cxd4 17. f4 d5 18. f5 dxe4 19. dxe4 Qb6 20. Kh2 {
At this point the one scoresheet says "20...Bb6", and it gets worse. 0-1 37.}
0-1

[Event "Mechanics' Bedjanian TNM; G/2 d/5"]
[Site "San Francisco"]
[Date "2018.11.20"]
[Round "5.22"]
[White "Cole, Tony"]
[Black "Robeal, Rafik"]
[Result "0-1"]
[WhiteElo "1400"]
[BlackElo "1667"]
[PlyCount "122"]
[EventDate "2018.??.??"]
[Source "ChessBase"]
[SourceDate "2007.09.04"]

1. e4 c6 2. Nc3 d5 3. d4 dxe4 4. Nxe4 Nd7 5. Nf3 Ngf6 6. Bd3 Qc7 7. O-O Nxe4 8.
Bxe4 Nf6 9. Re1 Bg4 10. h3 Bh5 11. Qd3 Nxe4 12. Qxe4 Bg6 13. Qe2 e6 14. c3 Bd6
15. Bg5 O-O 16. Bh4 c5 17. dxc5 Qxc5 18. Kh1 Rac8 19. Rad1 Bh5 20. Qe4 Rc6 21.
Rd2 Qa5 22. a3 Bg6 23. Qe3 Qc7 24. Qd4 Bc5 25. Qd7 Rc8 26. Ne5 Qxd7 27. Nxd7
Bf5 28. Nxc5 Rxc5 29. g4 Bg6 30. Red1 Be4+ 31. Kh2 Bd5 32. f4 Rc4 33. Bg3 h5
34. gxh5 Re4 35. Re1 Rcc4 36. h4 Rxe1 37. Bxe1 Rxf4 38. Kg3 Rf3+ 39. Kg4 Rf1
40. Bf2 Kh7 41. Bxa7 Bf3+ 42. Kg3 Bxh5 43. Kg2 Re1 44. Kg3 Bg6 45. Bf2 Re4 46.
Rd7 b5 47. Rb7 Re5 48. Ra7 Rd5 49. Ra5 Bc2 50. Ra7 Kg6 51. Rb7 Bb3 52. Rb6 Kf5
53. Rb7 Kg6 54. Rb6 Rd3+ 55. Kg2 Bc4 56. b3 Bxb3 57. Rxb5 Bd5+ 58. Kg1 Rxc3 59.
Ra5 Rc4 60. Ra7 f5 61. Ra5 Kh5 0-1

[Event "Mechanics' Shipman TNM; G/2 d/5"]
[Site "San Francisco"]
[Date "2018.09.25"]
[Round "8.39"]
[White "Cole, Tony"]
[Black "Sullivan, George T"]
[Result "1-0"]
[WhiteElo "1400"]
[BlackElo "1016"]
[PlyCount "43"]
[EventDate "2018.??.??"]
[Source "ChessBase"]
[SourceDate "2007.09.04"]

1. e4 e5 2. Nf3 Nc6 3. Nc3 Nf6 4. Bc4 b6 5. d3 Be7 6. Bg5 O-O 7. Qd2 Bb7 8. a3
h6 9. Bxh6 gxh6 10. Qxh6 Nh7 11. Qg6+ Kh8 12. Bxf7 Bf6 13. Qh5 d6 14. Bg6 Qd7
15. Nd5 Nd4 16. O-O-O Ne2+ 17. Kb1 Nf4 18. Nxf4 exf4 19. h4 Rg8 20. Ng5 Rxg6
21. Qxg6 Qe7 22. Nf7+ 1-0

[Event "Mechanics' Shipman TNM; G/2 d/5"]
[Site "San Francisco"]
[Date "2018.09.11"]
[Round "6.47"]
[White "Colquhoun, Jeremy"]
[Black "Chambers, Don"]
[Result "0-1"]
[WhiteElo "917"]
[BlackElo "1031"]
[PlyCount "40"]
[EventDate "2018.??.??"]
[Source "ChessBase"]
[SourceDate "2007.09.04"]

1. e4 e5 2. Nf3 Nc6 3. Bc4 h6 4. Nc3 Nf6 5. d3 Bb4 6. a3 Ba5 7. O-O Bb6 8. Nd5
Nxd5 9. Bxd5 Qf6 10. Be3 Nd4 11. Bxd4 exd4 12. c3 dxc3 13. e5 Qe7 14. bxc3 c6
15. Bc4 d6 16. Re1 d5 17. Bb3 Qc5 18. Qd2 g5 19. d4 Qb5 20. Rac1 Qxb3 0-1

[Event "Mechanics' Shipman TNM; G/2 d/5"]
[Site "San Francisco"]
[Date "2018.08.21"]
[Round "3.28"]
[White "Colquhoun, Jeremy"]
[Black "Katsman, Solomon"]
[Result "0-1"]
[WhiteElo "917"]
[BlackElo "1411"]
[PlyCount "38"]
[EventDate "2018.??.??"]
[Source "ChessBase"]
[SourceDate "2007.09.04"]

1. e4 e5 2. Nf3 Nc6 3. Bc4 Nf6 4. d3 Bc5 5. Ng5 O-O 6. Bxf7+ Rxf7 7. Nxf7 Kxf7
8. O-O d5 9. exd5 Qxd5 10. Nc3 Qd6 11. Qf3 Nd4 12. Qd1 Bg4 13. Qd2 Kg8 14. h3
Bxh3 15. Nb5 Nxb5 16. gxh3 Rf8 17. b4 Bxb4 18. Qg5 Nd4 19. Qg3 Ne2+ 0-1

[Event "Mechanics' Vartan Bedjanian TNM; G/2 d/"]
[Site "San Francisco"]
[Date "2018.11.07"]
[Round "3.25"]
[White "Colquhoun, Jeremy"]
[Black "Rakonitz, David"]
[Result "0-1"]
[WhiteElo "891"]
[BlackElo "1670"]
[PlyCount "26"]
[EventDate "2018.??.??"]
[Source "ChessBase"]
[SourceDate "2007.09.04"]

1. e4 e6 2. d4 d5 3. e5 c5 4. Nf3 cxd4 5. Nxd4 Nc6 6. Bb5 Bd7 7. O-O Nxe5 8.
Bf4 Nc6 9. Nc3 Nf6 10. Na4 Be7 11. Qd3 O-O 12. Qc3 Nxd4 13. Bxd7 Ne2+ 0-1

[Event "Mechanics' Bedjanian TNM; G/2 d/5"]
[Site "San Francisco"]
[Date "2018.12.11"]
[Round "8.23"]
[White "Cortese, Chris"]
[Black "Baer, Michael A"]
[Result "1-0"]
[WhiteElo "1656"]
[BlackElo "1457"]
[PlyCount "89"]
[EventDate "2018.??.??"]
[Source "ChessBase"]
[SourceDate "2007.09.04"]

1. d4 Nf6 2. c4 g6 3. Nc3 Bg7 4. e4 d6 5. Be2 O-O 6. Nf3 e5 7. O-O Nc6 8. d5
Ne7 9. h3 Nd7 10. b4 f5 11. Ne1 f4 12. Nd3 Nf6 13. c5 g5 14. cxd6 cxd6 15. Bb2
Ng6 16. Rc1 Rf7 17. Ne1 Bf8 18. Nf3 h6 19. Nh2 Rh7 20. Ng4 Nxg4 21. Bxg4 Bxg4
22. Qxg4 Qe7 23. Nb5 h5 24. Qf5 Nh4 25. Qe6+ Qxe6 26. dxe6 a6 27. Nc7 Rd8 28.
Nd5 Ng6 29. Nf6+ Kh8 30. Nxh7 Kxh7 31. Rc7+ Kh6 32. Rfc1 Re8 33. Rxb7 Rxe6 34.
Rcc7 Be7 35. Ra7 g4 36. hxg4 hxg4 37. Rxa6 Kg5 38. b5 f3 39. g3 Kf6 40. b6 d5
41. b7 Rxa6 42. b8=Q Bd6 43. Qd8+ Ke6 44. Qc8+ Kf6 45. Qxa6 1-0

[Event "Mechanics' Bedjanian TNM; G/2 d/5"]
[Site "San Francisco"]
[Date "2018.11.13"]
[Round "4.22"]
[White "Cortese, Chris"]
[Black "Maser, Thomas"]
[Result "0-1"]
[WhiteElo "1656"]
[BlackElo "1900"]
[PlyCount "120"]
[EventDate "2018.??.??"]
[Source "ChessBase"]
[SourceDate "2007.09.04"]

1. d4 Nf6 2. c4 e6 3. Nf3 Bb4+ 4. Bd2 a5 5. Nc3 O-O 6. e3 d5 7. Rc1 b6 8. cxd5
exd5 9. Be2 Re8 10. O-O h6 11. Ne5 c6 12. Bf3 Bd6 13. Nd3 Ba6 14. Be2 Ne4 15.
Ne1 Bb7 16. Nf3 Nd7 17. Bd3 Ndf6 18. Ne2 c5 19. Ng3 c4 20. Bb1 Ba6 21. Re1 b5
22. Nf5 Ng4 23. Bxe4 dxe4 24. Nxd6 Qxd6 25. Ne5 Nxe5 26. dxe5 Qxe5 27. Bc3 Qg5
28. Bxa5 Bc8 29. Bc3 Bh3 30. g3 Bg4 31. Qd6 Bf3 32. Qf4 Qxf4 33. exf4 Rxa2 34.
Ra1 Rxa1 35. Rxa1 Rd8 36. h3 f5 37. Re1 Kf7 38. g4 g6 39. Kh2 Ke6 40. Kg3 Rd3
41. Re3 Rd1 42. Re1 Rxe1 43. Bxe1 Kd5 44. Bc3 Kc5 45. Bg7 h5 46. gxf5 gxf5 47.
Be5 Kb4 48. Bc3+ Kb3 49. Kh4 Bg2 50. Kg3 Bf1 51. Kh4 b4 52. Be5 c3 53. bxc3
bxc3 54. Bd4 c2 55. Be3 Kb2 56. Kxh5 Bxh3 57. Kg5 c1=Q 58. Bxc1+ Kxc1 59. Kh4
Bg4 60. Kg3 Kd2 0-1